000 00591nam a2200133Ia 4500
005 20260209120147.0
008 260209s9999||||xx |||||||||||||| ||und||
100 _aBharati T V
245 0 _aRestorative justice in Indian juvenile justice system : a study to consider the need of restorative justice to protect the rights of children in conflict with law.
260 _aBangaloreBangalore
_bNLSIU, Bangalore
_c2023
300 _a42 p. ; 25 cm.
700 _aDr. Madhubanti Sadhya – Supervisor Dr. Madhubanti Sadhya – Supervisor
856 _uhttps://dans.nls.ac.in/handle/123456789/1191
999 _c217585
_d217585